| 000 | 00908cam a2200313 4500 | ||
|---|---|---|---|
| 001 | J1168 | ||
| 008 | 090401t1992 xxu||||| |||| 00| 0 eng d | ||
| 035 | _a(Sirsi) u42156 | ||
| 041 | _aeng | ||
| 050 | _a333.33 | ||
| 110 |
_aValuation Office _9264 |
||
| 245 | _aProperty market report - Autumn 1992. | ||
| 260 |
_aLondon _bValuation Office _c1992 |
||
| 300 | _a77p. ; 30cm. | ||
| 350 | _a30 | ||
| 520 | _aReport produced by the Valuation Office as an executive agency, before Autumn 1991 reports published by Board of Inland Revenue Valuation Office q.v. | ||
| 650 | _aCITY OF LONDON | ||
| 650 | _aFARM LAND | ||
| 650 | _aINDUSTRIAL PROPERTY | ||
| 650 | _aINVESTMENT | ||
| 650 | _aLICENSED PROPERTY | ||
| 650 | _aMINERALS | ||
| 650 | _aOFFICES | ||
| 650 |
_aRESIDENTIAL PROPERTY _96266 |
||
| 650 | _aSHOPS | ||
| 690 | _aPROPERTY LAW AND PRACTICE | ||
| 942 | _n0 | ||
| 948 | _c04/03/1997 | ||
| 999 |
_c91028 _d91028 |
||